Paddington Basin Developments Ltd, European Land and Property Ltd, Paddington Basin Management Ltd v West End Quay Estate Management Ltd and Mr Alan Sharr[electronic resource] (Record no. 82640)
[ view plain ]
| 000 -LEADER | |
|---|---|
| fixed length control field | 01184cad a22001935a 4500 |
| 001 - CONTROL NUMBER | |
| control field | L150781 |
| 008 - FIXED-LENGTH DATA ELEMENTS--GENERAL INFORMATION | |
| fixed length control field | 100902e2010 xxk 000 0 eng d |
| 035 ## - SYSTEM CONTROL NUMBER | |
| System control number | (Sirsi) u150781 |
| 041 0# - LANGUAGE CODE | |
| Language code of text/sound track or separate title | eng |
| 245 00 - TITLE STATEMENT | |
| Title | Paddington Basin Developments Ltd, European Land and Property Ltd, Paddington Basin Management Ltd v West End Quay Estate Management Ltd and Mr Alan Sharr[electronic resource] |
| 260 ## - PUBLICATION, DISTRIBUTION, ETC. | |
| Date of publication, distribution, etc. | 2010 |
| 520 ## - SUMMARY, ETC. | |
| Summary, etc. | [2010] EWHC 833 (Ch), 20 April 2010. Preliminary question on whether an estate management deed between landlord and third party service provider qualified as a long term agreement for purposes of Landlord and Tenant Act 1985 and Service Charges (Consultation etc) Regulations 2003. "Held": estate management deed qualifed as a long term agreement and was subject to service charge consultation. |
| 590 ## - LOCAL NOTE (RLIN) | |
| Local note | KA |
| 650 24 - SUBJECT ADDED ENTRY--TOPICAL TERM | |
| Topical term or geographic name entry element | PADDINGTON BASIN DEVELOPMENTS LTD AND ANOTHER V WEST END QUAY ESTATE MANAGEMENT LTD AND ANOTHER |
| 651 #4 - SUBJECT ADDED ENTRY--GEOGRAPHIC NAME | |
| Geographic name | ENGLAND AND WALES |
| 690 ## - LOCAL SUBJECT ADDED ENTRY--TOPICAL TERM (OCLC, RLIN) | |
| Topical term or geographic name as entry element | PROPERTY-RESIDENTIAL PROPERTY-RESIDENTIAL LANDLORD AND TENANT |
| 856 40 - ELECTRONIC LOCATION AND ACCESS | |
| Uniform Resource Identifier | <a href="https://www.bailii.org/ew/cases/EWHC/Ch/2010/833.html">https://www.bailii.org/ew/cases/EWHC/Ch/2010/833.html</a> |
| Public note | View this item free of charge at www.bailii.org |
| 942 ## - ADDED ENTRY ELEMENTS (KOHA) | |
| Suppress in OPAC | 0 |
| Withdrawn status | Lost status | Source of classification or shelving scheme | Damaged status | Not for loan | Home library | Current library | Shelving location | Date acquired | Total Checkouts | Full call number | Barcode | Date last seen | Copy number | Price effective from | Koha item type |
|---|---|---|---|---|---|---|---|---|---|---|---|---|---|---|---|
| Dewey Decimal Classification | Virtual | Virtual | Online | 02/09/2010 | ONLINE PUBLICATION | 150781-2001 | 06/08/2019 | 1 | 06/08/2019 | Law report |